La máquina de los memes

Guardat en:
Dades bibliogràfiques
Autor principal: Blackmore, Susan (Autor)
Format: Llibre
Idioma:espanyol
Publicat: Barcelona Paidós Ibérica 2000
Col·lecció:Paidós Transiciones, 25
Matèries:
Etiquetes: Afegir etiqueta
Sense etiquetes, Sigues el primer a etiquetar aquest registre!

MARC

LEADER 00000nam a2200000 a 4500
001 UCK0387
003 CL-VaPUC
008 041001e20000000SP |||||||||||||||||spa|d
020 |a 8449309670 
082 0 4 |a 153.1523  |b BLA  |2 21 
100 0 |a Blackmore, Susan  |e author  |9 488313 
245 1 3 |a La máquina de los memes 
300 |a 356 p 
942 |c BK 
945 |d 20041001 00:00:00  |a cmena 
260 |a Barcelona  |b Paidós Ibérica  |c 2000 
650 0 |a Aprendizaje   |9 254827 
650 0 |a Cognición   |9 270347 
650 0 |a Procesos mentales superiores  |9 330839 
583 |a last modification  |c 20041001 00:00:00  |k Rodrigo Vera 
490 0 |a Paidós Transiciones, 25 
999 |c 310844  |d 310842 
952 |0 0  |1 0  |4 0  |6 153_152300000000000_BLA_2000  |7 0  |8 A  |9 379875  |a BIBEDU  |b BIBEDU  |d 2019-11-21  |i 4066219  |o 153.1523 BLA 2000  |p 4066219  |r 2019-11-21  |w 2019-11-21  |y BK  |k PAR